Vascular plant systematics (Record no. 24042)

MARC details
000 -LEADER
fixed length control field 00334nam a2200133Ia 4500
082 ## - DEWEY DECIMAL CLASSIFICATION NUMBER
Classification number 582.4
Item number RAD
100 ## - MAIN ENTRY--AUTHOR NAME
Personal name Radford, Albert E
245 #0 - TITLE STATEMENT
Title Vascular plant systematics
260 ## - PUBLICATION, DISTRIBUTION, ETC. (IMPRINT)
Place of publication New York
Name of publisher Harper & Row
Year of publication 1974
650 ## - SUBJECT ADDED ENTRY--TOPICAL TERM
Topical Term Floristics
650 ## - SUBJECT ADDED ENTRY--TOPICAL TERM
Topical Term Vascular plant
942 ## - ADDED ENTRY ELEMENTS (KOHA)
Koha item type Books
Holdings
Withdrawn status Lost status Damaged status Not for loan Home library Current library Date acquired Full call number Accession Number Koha item type
        RRII Library RRII Library 16/12/2021 582.4 RAD 04730 Books